Ztracený šnek Šimon : 5 prvků mého já

Uloženo v:
Hlavní autor: Liliková, Linda
Médium: Kniha
Jazyk:Czech
Celkem bylo vypůjčeno:0x
Tagy:
Žádné tagy
LEADER 00620nam a22002057i 4500
001 106664
008 151013p2015 xr ||||| |||| 00| 0 cze d
020 |a 9788097484521 
040 |e rda 
100 |a Liliková, Linda 
245 |a Ztracený šnek Šimon :  |b 5 prvků mého já 
264 |c 2026 
300 |a 59 stran 
336 |a text  |b txt  |2 rdacontent 
337 |a bez média  |b n  |2 rdamedia 
338 |a svazek  |b nc  |2 rdacarrier 
910 |a UOG502 
942 |2 ddc  |c KN 
999 |d 106664 
993 |0 0  |1 421180107389  |2 ddc  |4 0  |6 M  |7 0  |9 100156  |b 0  |c 107389  |d 2026-06-24  |e 0  |f M  |g M  |h 689.00  |i Koupě  |l M  |r 2026-06-30  |t 7  |w 2026-06-24  |y KN  |z BELET  |n